Szívelektrofiziológiai alapjelenségek 1./2.

Elmentve itt :
Bibliográfiai részletek
Szerző: Tóth András
Dokumentumtípus: Prezentáció
Megjelent: 2018
Kulcsszavak:elektrofiziológia
szív
élettan
szívműködés
Tárgyszavak:
Online Access:http://eta.bibl.u-szeged.hu/1749
LEADER 00925nnm a2200265 i 4500
001 eta1749
005 20190206110346.0
008 190205s2018 hu o 0|| hun d
040 |a SZTE Elektronikus Tananyag Archívum  |b hun 
041 |a hun 
100 1 |a Tóth András 
245 1 0 |a Szívelektrofiziológiai alapjelenségek 1./2.  |h [elektronikus dokumentum] /  |c  Tóth András 
260 |c 2018 
516 |a Presentation 
650 4 |a Szív és érrendszer 
650 4 |a Klinikai orvostan 
650 4 |a Szív és keringési rendszer 
650 4 |a Ritmuszavarok 
650 4 |a Elektrofiziológia 
695 |a elektrofiziológia 
695 |a szív 
695 |a élettan 
695 |a szívműködés 
856 4 0 |u https://eta.bibl.u-szeged.hu/1749/1/szivelektrofiziologiai_alapjelensegek1.pdf  |z Dokumentum-elérés  
856 4 0 |u https://eta.bibl.u-szeged.hu/1749/2/szivelektrofiziologiai_alapjelensegek2.pdf  |z Dokumentum-elérés